<?xml version="1.0" encoding="UTF-8"?>
<record
    xmlns:xsi="http://www.w3.org/2001/XMLSchema-instance"
    xsi:schemaLocation="http://www.loc.gov/MARC21/slim http://www.loc.gov/standards/marcxml/schema/MARC21slim.xsd"
    xmlns="http://www.loc.gov/MARC21/slim">

  <leader>00401nam a2200145   4500</leader>
  <controlfield tag="008">191125s2017||||xo                      d</controlfield>
  <datafield tag="100" ind1="1" ind2=" ">
    <subfield code="a">Glovna Juraj</subfield>
    <subfield code="9">1447</subfield>
  </datafield>
  <datafield tag="245" ind1="1" ind2="0">
    <subfield code="a">Historick&#xFD; a sociolingvistick&#xFD; kontext kodifik&#xE1;ci&#xED; slovansk&#xFD;ch jazykov</subfield>
  </datafield>
  <datafield tag="250" ind1=" " ind2=" ">
    <subfield code="a">1.vydanie</subfield>
  </datafield>
  <datafield tag="260" ind1=" " ind2=" ">
    <subfield code="b">Veda</subfield>
    <subfield code="a">Bratislava</subfield>
    <subfield code="c">2017</subfield>
  </datafield>
  <datafield tag="300" ind1=" " ind2=" ">
    <subfield code="a">183s.</subfield>
  </datafield>
  <datafield tag="020" ind1=" " ind2=" ">
    <subfield code="a">9788089489305</subfield>
    <subfield code="c">9,50</subfield>
  </datafield>
  <datafield tag="041" ind1="1" ind2=" ">
    <subfield code="a">slo</subfield>
  </datafield>
  <datafield tag="044" ind1=" " ind2=" ">
    <subfield code="a">xo</subfield>
    <subfield code="c">SK</subfield>
  </datafield>
  <datafield tag="999" ind1=" " ind2=" ">
    <subfield code="c">22812</subfield>
    <subfield code="d">22812</subfield>
  </datafield>
  <datafield tag="952" ind1=" " ind2=" ">
    <subfield code="0">0</subfield>
    <subfield code="1">0</subfield>
    <subfield code="4">0</subfield>
    <subfield code="7">0</subfield>
    <subfield code="8">K</subfield>
    <subfield code="a">10000</subfield>
    <subfield code="b">10000</subfield>
    <subfield code="d">2019-11-25</subfield>
    <subfield code="g">9.50</subfield>
    <subfield code="i">21149</subfield>
    <subfield code="o">I1815</subfield>
    <subfield code="r">2019-12-12</subfield>
    <subfield code="w">2019-12-12</subfield>
    <subfield code="y">Odborn&#xCD;?it</subfield>
  </datafield>
</record>
